Knižničná a informačná veda XIX

Gespeichert in:
Bibliographische Detailangaben
Körperschaft: Univerzita Komenského v Bratislave. Filozofická fakulta
Weitere Verfasser: Čabrunová, Anna
Format: Buch
Sprache:Slowakisch
Englisch
Tschechisch
Veröffentlicht: Bratislava Univerzita Komenského Bratislava 2002
Schriftenreihe:Zborník Filozofickej fakulty Univerzity Komenského
Schlagworte:
Tags: Tag hinzufügen
Keine Tags, Fügen Sie das erste Tag hinzu!

MARC

LEADER 00000nam a2200000 4500
001 c140186
005 20240223083954.2
020 |a 80-223-1728-4 
041 0 |a slo 
041 0 |a eng 
041 0 |a cze 
044 |a SK 
245 1 0 |a Knižničná a informačná veda XIX  |c zodpovedný redaktor: Anna Čabrunová 
264 1 |a Bratislava  |b Univerzita Komenského Bratislava  |c 2002 
300 |a 213 s. 
490 1 |a Zborník Filozofickej fakulty Univerzity Komenského 
830 0 |a Zborník Filozofickej fakulty Univerzity Komenského 
610 2 0 |a knihoveda 
610 2 0 |a knihovníctvo 
610 2 0 |a informatika 
610 2 0 |a univerzity 
700 1 |a Čabrunová, Anna 
710 2 |a Univerzita Komenského v Bratislave. Filozofická fakulta